000 00921nas a2200301 4500
001 BR0501221
003 BR-BrBNA
005 20231205105214.0
007 ta
008 230509b bl.|||p| |||| 00| 00por d
040 _aBR-BrBNA
_bpor
_cBiblioteca Nacional de Agricultura
041 _a(Pt)
072 _aL73; L01
100 1 _aCastagna, S.M.F.
100 1 _aSchwarz, P.
100 1 _aCanal, C.W.
100 1 _aCardoso, M.
245 1 _aPresença de Salmonella sp. no trato intestinal e em tonsilas/linfonodos submandibulares de suínos ao abate
650 _aSUÍNO
650 _aSALMONELOSE
650 _aINTESTINO
650 _aABATE
650 _aDOENÇA ANIMAL
650 _aBACTÉRIA
773 0 _tArquivo Brasileiro de Medicina Veterinária e Zootecnia (Brazil)
_xISSN 0102-0935
_g(Jun 2004), v. 56(3) p. 300-306
_wBR0501221
909 _a202311
_bLúcia
_c55
_dLúcia Elande
942 _2AGRIS
_n0
_cANA
999 _c181763
_d181763